Countries Charles Darwin visited - Statistics

General Stats
  • This quiz has been taken 96 times
    23 since last reset
  • The average score is 10 of 12
Answer Stats
Continent Country % Correct
South America Argentina
100%
Oceania Australia
100%
South America Brazil
100%
South America Chile
100%
South America Ecuador
95%
Europe United Kingdom
95%
Africa South Africa
90%
South America Peru
85%
Europe Portugal
80%
South America Uruguay
80%
Africa Cape Verde
35%
Africa Mauritius
20%
No matching quizzes found
Score Distribution
Percent of People with Each Score
Percentile by Number Answered
Your Score History
You have not taken this quiz since the last reset